000
00316nam a22001337a 4500
008
170614b xxu||||| |||| 00| 0 eng d
020
_a
9780820561141
041
_a
eng
080
_2
5TH
_a
32
100
_a
19
101
_a
SHP
245
_a
EFFECTIVE LEGAL NEGOTATION AND SETTLEMENT
_c
CRAVER,CH.B
942
_2
udc
_c
BK
999
_c
17360
_d
17360